The Service Quality & Customer Satisfaction of HDFC Bank in Jammu & Kashmir (Record no. 18016)

MARC details
000 -LEADER
fixed length control field 00303nam a2200109Ia 4500
008 - FIXED-LENGTH DATA ELEMENTS--GENERAL INFORMATION
fixed length control field 221030s9999 xx 000 0 und d
245 #4 - TITLE STATEMENT
Title The Service Quality & Customer Satisfaction of HDFC Bank in Jammu & Kashmir
260 ## - PUBLICATION, DISTRIBUTION, ETC. (IMPRINT)
Name of publisher HDFC
Place of publication Srinagar
Year of publication 2018
300 ## - PHYSICAL DESCRIPTION
Number of Pages 100
650 ## - SUBJECT ADDED ENTRY--TOPICAL TERM
Topical Term Management
942 ## - ADDED ENTRY ELEMENTS (KOHA)
Koha item type Thesis
Holdings
Accession Number Price effective from Koha item type Withdrawn / writtenoff status Damaged status Not for loan Permanent Location Current Location Shelving location Date acquired Lost/ Missing status department
STR/1207/17 10/30/2022 Thesis       MIET Library, Jammu MIET Library, Jammu BL-Academic Block B, FL-2, CUP-139, SH-1, R-1 01/21/2019   MBA